LEADER 01024nam a2200241 i 4500 001 000000137605 003 CaOOAMICUS 005 20050419000000.0 008 050419s1977 it u000 u ita u 013 $a111399 040 $aSeMil$bita 100 1 $aMartelli, Mario,$d<1925-2007>.$0(OLS)http://semarc/name/6043 245 13$aIl rovescio della poesia :$binterpretazioni montaliane /$cdi Mario Martelli. 260 $aMilano :$bLonganesi & C.,$ccopyr. 1977. 300 $a207 p. ;$c20 cm. 490 0 $aParametri ;$vVolume7 650 4$aMontale, Eugenio <1896-1981> - Interpretazioni.$0(OLS)http://semarc/subject/27074 830 0$aParametri ;$vVolume7.$0(OLS)http://semarc/title/6662 850 $aSeMil 852 $aSeMil$W1$xVenegono$y1$m1B III 76$j91147$B91147$CSeMilBibl$Z2$F96078 $81 961 $aLascito: Bricchi don Pasquale 996 $6245$aIl rovescio della poesia :$binterpretazioni montaliane$9(OLS)http://semarc/title/201080 996 $6260$aMilano :$bLonganesi & C.$9(OLS)http://semarc/publisher/31590 LEADER 01815nam a2200289 i 4500 001 000000230884 003 CaOOAMICUS 005 20140701000000.0 008 140701s1730 it u000 u mul u 013 $a209786 026 $aemb- o-ta a.e, **vu (3) 1730 (R) - [pt. 1] ; ema- u-ed f.m. 3.ma (3) 1730 (R) - [pt . 2] 040 $aSeMil$bita 245 10$aJacobi Altingi ... Fundamenta punctationis linguae sanctae cum necessariis canonum, locorum S. Scripturae & vocum irregularium indicibus. Accedit ejusdem Synopsis institutionum chaldaearum et syrarum. 250 $aEditio octava, simili institutionum samaritanarum rabbinicarum, arabicarum, ethiopicarum et persicarum synopsi, Georgio Othone,... adornata, auctior. 260 $aFrancofurti ad Moenum :$bSumptibus Friderici Danielis Knochii,$cAnno 1730. 300 $a2 pt. ([16], 385, [8], 7, [108]) ;$c8°. 500 $aSegn. : )(8 A-2H8 2I6; a-i8. 650 4$aLingua ebraica biblica - Dizionari, glossari, grammatica, sintassi etc.$0(OLS)http://semarc/subject/296 650 4$aLingue orientali - Dizionari, glossari, etc.$0(OLS)http://semarc/subject/27231 700 1 $aAlting, Jakob.$0(OLS)http://semarc/name/79500 700 1 $aKnoch, Friedrich Daniel,$c.$0(OLS)http://semarc/name/79501 850 $aSeMil 852 $aSeMil$W1$xVenegono$y1$m2W I 82 FA$j181230$B181230$CSeMilBibl$Z2$F192086 $8I 941 1 $a10 961 $aRecupero: Mantegazza 996 $6245$aJacobi Altingi ... Fundamenta punctationis linguae sanctae cum necessariis canonum, locorum S. Scripturae & vocum irregularium indicibus. Accedit ejusdem Synopsis institutionum chaldaearum et syrarum$9(OLS)http://semarc/title/329835 996 $6260$aFrancofurti ad Moenum :$bSumptibus Friderici Danielis Knochii$9(OLS)http://semarc/publisher/53839